RWBY- All Team JNPR Shipping Names - Statistics

General Stats
  • This quiz has been taken 18 times
  • The average score is 11 of 75
Answer Stats
Hint Answer % Correct
a
93%
a
93%
a
93%
a
93%
Pyrrha Nikos Arkos
86%
Arkos
86%
TeamSloth/Boop/ReNora
64%
Team Sloth/Boop/ReNora
64%
Redheads
36%
Redheads
36%
Yang Xiao Long Vomit Boy
36%
Aces
29%
Aces
29%
Star Students
29%
Lie Ren Aces and Eights
21%
Aces and Eights
21%
Ruby Rose Craterface
21%
Nora Valkyrie Vikings
21%
Vikings
21%
Bombshell Babes
14%
Explosion
14%
Shrouded Victory
14%
Weiss Schnee Snow Angel
14%
Victory Rose
14%
Blake Belladonna Awkward Kitty
7%
Black Licorice
7%
Frozen Lotus
7%
Library
7%
Nordic Winter
7%
Sugar Rush
7%
Sunflower/How To Train Your Dragon
7%
ADHD
0%
Artifact
0%
Sun Wukong Blonde Badasses
0%
Blood-Stained Victory
0%
Brilliant Lights
0%
Bubbily
0%
Burning Flowers
0%
Chinese Dragon
0%
Cardin Winchester Conviction/Senpai Plz
0%
Cream and Sugar
0%
Crimson Dragon
0%
Derailment
0%
Double Dragon
0%
Glynda Goodwitch Fake Transcripts
0%
Firebomb
0%
Ginger Snaps
0%
Penny Polendina Glass Cannon
0%
Got Jinxed
0%
Greece Lightning
0%
Green Tea
0%
Gunpowered Stick
0%
Hare Trigger
0%
Heroic Legends
0%
Hold Jaune Down
0%
IronMaiden
0%
Leg Breaking
0%
Professor Port Liars
0%
Adam Taurus Matador
0%
Mediterranean
0%
Mienshao
0%
Minotaur
0%
November 5th
0%
Oracles
0%
Velvet Scarlatina Playboy Bunny
0%
Queen of the Castle
0%
Quetzalcoatl
0%
Dr Oobleck Seeing You After Class
0%
Shining Stars
0%
SMASHING
0%
Roman Torchwick Smooth Criminal
0%
Student Teacher
0%
Ozpin Sword In The Stone
0%
Cinder Fall The Stake
0%
Jaune Arc Wannabe Hero
0%
No matching quizzes found
Score Distribution
Percent of People with Each Score
Percentile by Number Answered
Your Score History
You have not taken this quiz